000
00200 a2200097 4500
001
20510
100
_a
Barkan V
245
_a
Radio Receivers
260
_a
_b
Mir Publishers
_c
090
_c
14907
_d
14907
942
_a
NUST-CAE
_c
M
_c
5455
999
_c
255583
_d
255583